<?xml version="1.0" encoding="UTF-8"?>
<record
    xmlns:xsi="http://www.w3.org/2001/XMLSchema-instance"
    xsi:schemaLocation="http://www.loc.gov/MARC21/slim http://www.loc.gov/standards/marcxml/schema/MARC21slim.xsd"
    xmlns="http://www.loc.gov/MARC21/slim">

  <leader>00345nam a2200133Ia 4500</leader>
  <controlfield tag="008">240614s9999    xx            000 0 und d</controlfield>
  <datafield tag="041" ind1=" " ind2=" ">
    <subfield code="a">eng</subfield>
  </datafield>
  <datafield tag="100" ind1=" " ind2=" ">
    <subfield code="a">Arvind, H.R.</subfield>
    <subfield code="9">206135</subfield>
  </datafield>
  <datafield tag="245" ind1=" " ind2=" ">
    <subfield code="a">Microcontroller Architecture and Programming</subfield>
  </datafield>
  <datafield tag="250" ind1=" " ind2=" ">
    <subfield code="a">1st</subfield>
  </datafield>
  <datafield tag="260" ind1=" " ind2=" ">
    <subfield code="b">Vision </subfield>
    <subfield code="c">2022</subfield>
    <subfield code="a">Pune</subfield>
  </datafield>
  <datafield tag="300" ind1=" " ind2=" ">
    <subfield code="a">4.3</subfield>
  </datafield>
  <datafield tag="650" ind1=" " ind2=" ">
    <subfield code="a">Microcontrollers</subfield>
    <subfield code="9">206819</subfield>
  </datafield>
  <datafield tag="999" ind1=" " ind2=" ">
    <subfield code="c">358194</subfield>
    <subfield code="d">358194</subfield>
  </datafield>
  <datafield tag="952" ind1=" " ind2=" ">
    <subfield code="0">0</subfield>
    <subfield code="1">0</subfield>
    <subfield code="2">ddc</subfield>
    <subfield code="4">0</subfield>
    <subfield code="7">0</subfield>
    <subfield code="8">Science</subfield>
    <subfield code="a">SSMM</subfield>
    <subfield code="b">SSMM</subfield>
    <subfield code="c">S.Y.B.Sc.(Comp.)</subfield>
    <subfield code="d">2022-10-08</subfield>
    <subfield code="e">Creative Book Service</subfield>
    <subfield code="g">165.00</subfield>
    <subfield code="i">1561</subfield>
    <subfield code="l">1</subfield>
    <subfield code="p">SSMM-BK-31304</subfield>
    <subfield code="r">2025-05-06 00:00:00</subfield>
    <subfield code="s">2024-09-30</subfield>
    <subfield code="w">2022-09-21</subfield>
    <subfield code="y">BK</subfield>
    <subfield code="z">010031304</subfield>
  </datafield>
</record>
